[Event "4NCL Division 2d"]
[Site "Birmingham Airport ENG"]
[Date "2015.03.29"]
[Round "8.251"]
[White "Constantinou, Peter"]
[Black "Girdlestone, Paul"]
[Result "1/2-1/2"]
[WhiteElo "2294"]
[BlackElo "2131"]
[PlyCount "39"]
[EventDate "2015.03.29"]
[WhiteTeam "MK Phoenix 1"]
[BlackTeam "Brown Jack Witney"]

1. Nf3 Nf6 2. d4 e6 3. Bg5 d5 4. e3 c5 5. c3 Qb6 6. Qb3 Ne4 7. Bf4 Bd6 8. dxc5
Qxc5 9. Bxd6 Nxd6 10. Bd3 Nd7 11. Nbd2 e5 12. e4 Nf6 13. Qc2 dxe4 14. Bxe4 O-O
15. O-O Re8 16. Rfe1 Nfxe4 17. Nxe4 Nxe4 18. Qxe4 f6 19. Nd4 Rd8 20. Nb3
1/2-1/2

[Event "4NCL Division 2d"]
[Site "Birmingham Airport ENG"]
[Date "2015.03.29"]
[Round "8.252"]
[White "Richmond, Jane"]
[Black "Brown, Alan"]
[Result "1/2-1/2"]
[WhiteElo "2086"]
[BlackElo "2098"]
[PlyCount "179"]
[EventDate "2015.03.29"]
[WhiteTeam "Brown Jack Witney"]
[BlackTeam "MK Phoenix 1"]

1. e4 e5 2. Nf3 Nc6 3. Bb5 a6 4. Ba4 Nf6 5. O-O Be7 6. Qe2 d6 7. c3 O-O 8. d3
h6 9. Rd1 b5 10. Bc2 Nh7 11. d4 Ng5 12. dxe5 Nxf3+ 13. gxf3 Nxe5 14. Bf4 Ng6
15. Bg3 Bb7 16. f4 Bh4 17. Nd2 Qf6 18. Qg4 Rfe8 19. Re1 Rad8 20. Rad1 Bxg3 21.
hxg3 Nf8 22. Re3 Qe6 23. Qh5 Qg6 24. Qh4 Bc8 25. Rde1 Nh7 26. Bb3 Qf6 27. Qh5
Be6 28. Bc2 Qg6 29. Qxg6 fxg6 30. Nf3 Nf8 31. Nd4 Bd7 32. e5 c5 33. Nb3 dxe5
34. Rxe5 Rxe5 35. Rxe5 c4 36. Nd4 Kf7 37. Be4 Bc8 38. f3 Kf6 39. Rc5 g5 40.
fxg5+ hxg5 41. Kf2 Re8 42. Rc6+ Kf7 43. a4 Bd7 44. Rxa6 bxa4 45. Rb6 Rc8 46.
Bd5+ Ke7 47. Ke3 Rc5 48. Bg8 Ke8 49. Rb4 a3 50. bxa3 Ra5 51. Bxc4 Rxa3 52. Bb3
Ke7 53. Rb6 Nh7 54. Rg6 Kf8 55. Kd2 Ra5 56. Rb6 Nf6 57. c4 g4 58. Ke3 gxf3 59.
Kxf3 Ke7 60. Bc2 g5 61. Rb3 Kd6 62. Rd3 Ke5 63. Nb3 Bc6+ 64. Ke2 Ra2 65. Rd2
Be8 66. Kf3 Bh5+ 67. Kg2 Bf7 68. Re2+ Kd6 69. Bd3 Ra3 70. Rd2 Ke5 71. Re2+ Kd6
72. Rf2 Rxb3 73. Rxf6+ Ke7 74. Rf3 Rc3 75. Kf2 Bxc4 76. Bxc4 Rxc4 77. Rf5 Rc3
78. Rxg5 Kf6 79. Ra5 Rb3 80. Kg2 Kg6 81. Kh3 Rb4 82. g4 Rb6 83. Kh4 Rc6 84.
Rg5+ Kh6 85. Rg8 Kh7 86. Rf8 Kg7 87. Rf4 Kg6 88. g5 Ra6 89. Kg4 Rb6 90. Rf6+
1/2-1/2

[Event "4NCL Division 2d"]
[Site "Birmingham Airport ENG"]
[Date "2015.03.29"]
[Round "8.253"]
[White "Habershon, Paul"]
[Black "Martin, Lewis"]
[Result "1/2-1/2"]
[WhiteElo "2112"]
[BlackElo "2098"]
[PlyCount "62"]
[EventDate "2015.03.29"]
[WhiteTeam "MK Phoenix 1"]
[BlackTeam "Brown Jack Witney"]

1. Nf3 d5 2. d4 Nf6 3. c4 c6 4. Nc3 g6 5. e3 Bg7 6. Bd3 O-O 7. O-O Nbd7 8. b3
e5 9. cxd5 cxd5 10. dxe5 Ng4 11. Ba3 Re8 12. Rc1 Ndxe5 13. Bb5 Nxf3+ 14. Qxf3
Re5 15. h3 Nh6 16. Rfd1 Be6 17. Bd3 Qh4 18. Bd6 Rh5 19. Bg3 Qb4 20. Ne2 Nf5 21.
Nf4 Rg5 22. Nxd5 Bxd5 23. Qxd5 Rxg3 24. Bxf5 Rg5 25. Qe4 Qf8 26. Bd7 b5 27. f4
Rh5 28. Qb7 b4 29. Bc6 Rc8 30. Bf3 Rhc5 31. Rxc5 Qxc5 1/2-1/2

[Event "4NCL Division 2d"]
[Site "Birmingham Airport ENG"]
[Date "2015.03.29"]
[Round "8.254"]
[White "Hackett, Dave"]
[Black "Smith, Graham"]
[Result "1-0"]
[WhiteElo "2113"]
[BlackElo "2063"]
[PlyCount "93"]
[EventDate "2015.03.29"]
[WhiteTeam "Brown Jack Witney"]
[BlackTeam "MK Phoenix 1"]

1. e4 c5 2. Nc3 e6 3. g3 Nc6 4. Bg2 g6 5. d3 Bg7 6. Be3 d6 7. f4 Nge7 8. Nf3
O-O 9. O-O b6 10. e5 d5 11. Bf2 f5 12. Nb5 Bd7 13. a4 a6 14. Nd6 Nc8 15. Nxc8
Rxc8 16. d4 c4 17. h3 Qe7 18. Be1 Ra8 19. Qd2 Rfc8 20. g4 c3 21. bxc3 Na5 22.
Bh4 Qe8 23. Bf6 Nc4 24. Qf2 Bxa4 25. gxf5 exf5 26. Nd2 Bb5 27. Bxd5+ Kh8 28.
Bxg7+ Kxg7 29. Nxc4 Bxc4 30. Bxa8 Rxa8 31. Rfe1 Qe6 32. Rad1 b5 33. d5 Bxd5 34.
Qc5 Bc4 35. Rd6 Qf7 36. e6 Qf6 37. e7 Qxc3 38. Qe5+ Qxe5 39. Rxe5 Re8 40. Rxa6
Kf7 41. Ra7 h6 42. h4 Be6 43. Rb7 b4 44. Kf2 Rxe7 45. Rxe7+ Kxe7 46. Rb5 Kf6
47. Rb6 1-0

[Event "4NCL Division 2d"]
[Site "Birmingham Airport ENG"]
[Date "2015.03.29"]
[Round "8.255"]
[White "Reuben, Stewart"]
[Black "Padilla Cabero, Pablo"]
[Result "0-1"]
[WhiteElo "2066"]
[BlackElo "2143"]
[PlyCount "70"]
[EventDate "2015.03.29"]
[WhiteTeam "MK Phoenix 1"]
[BlackTeam "Brown Jack Witney"]

1. c4 f5 2. Nc3 Nh6 3. d4 g6 4. e4 d6 5. Bd3 e6 6. Nf3 Nf7 7. d5 e5 8. g3 Na6
9. b4 Bd7 10. a3 c6 11. dxc6 bxc6 12. Qc2 Qf6 13. Qe2 Nc7 14. Be3 Ne6 15. O-O-O
Be7 16. Bc2 f4 17. gxf4 Nxf4 18. Bxf4 Qxf4+ 19. Qe3 Qxe3+ 20. fxe3 O-O-O 21.
Rdf1 Bh3 22. Rf2 Nh6 23. Nd1 Rhf8 24. Ne1 Ng4 25. Re2 Bf1 26. Rd2 Bxc4 27. h3
Nf6 28. Nb2 Be6 29. Rf2 Nh5 30. Nbd3 Bh4 31. Rxf8 Rxf8 32. Kd2 Ng3 33. Rg1
Nxe4+ 34. Ke2 Bxh3 35. Rh1 Ng3+ 0-1

[Event "4NCL Division 2d"]
[Site "Birmingham Airport ENG"]
[Date "2015.03.29"]
[Round "8"]
[White "Rabbitt, Mike"]
[Black "Lambourne, Dan"]
[Result "1/2-1/2"]
[WhiteElo "2029"]
[BlackElo "2008"]
[PlyCount "89"]
[EventDate "2015.03.29"]
[WhiteTeam "Brown Jack Witney"]
[BlackTeam "MK Phoenix 1"]

1. d4 Nf6 2. Nf3 g6 3. g3 Bg7 4. Bg2 d5 5. c4 c6 6. Nbd2 O-O 7. O-O Nbd7 8. b3
b6 9. Bb2 Bb7 10. a4 e6 11. b4 Re8 12. Qb3 Rb8 13. Rfc1 c5 14. a5 bxa5 15. Rxa5
cxb4 16. Rxa7 dxc4 17. Nxc4 Bd5 18. Qd1 Ne4 19. Nfe5 Re7 20. Bxe4 Nxe5 21. Rxe7
Nxc4 22. Rxc4 Bxc4 23. Ra7 Qb6 24. Ra1 Rd8 25. Ra8 Rxa8 26. Bxa8 Qa6 27. Bf3
Qa2 28. Qa1 Kf8 29. Qxa2 Bxa2 30. Be4 Ke7 31. Kf1 Kd6 32. Ke1 f5 33. Bc2 e5 34.
dxe5+ Bxe5 35. Bxe5+ Kxe5 36. Bd3 Kd4 37. Kd2 Bd5 38. h4 Ke5 39. e3 h6 40. Be2
g5 41. hxg5 hxg5 42. f4+ gxf4 43. gxf4+ Kd6 44. Bd3 Be6 45. e4 1/2-1/2

[Event "4NCL Division 2d"]
[Site "Birmingham Airport ENG"]
[Date "2015.03.29"]
[Round "8.1"]
[White "Freeman, Richard"]
[Black "Duncan, Patrick"]
[Result "1/2-1/2"]
[WhiteElo "2039"]
[BlackElo "2013"]
[PlyCount "93"]
[EventDate "2015.03.29"]
[WhiteTeam "MK Phoenix 1"]
[BlackTeam "Brown Jack Witney"]

1. f4 Nf6 2. Nf3 d5 3. e3 Bg4 4. Be2 Nbd7 5. O-O Bxf3 6. Bxf3 e5 7. d4 e4 8.
Be2 Bd6 9. c4 c6 10. Nc3 dxc4 11. Bxc4 Nb6 12. Bb3 O-O 13. Qe2 Re8 14. Bd2 Bf8
15. g4 Nfd5 16. Bc2 Nxc3 17. bxc3 c5 18. a4 cxd4 19. cxd4 Nd5 20. Bb3 Qd7 21.
h3 Rac8 22. Rfc1 Red8 23. Qb5 Rc6 24. Bxd5 Qxd5 25. Qxd5 Rxd5 26. Rab1 Rxc1+
27. Rxc1 Rd8 28. Rc7 Rb8 29. Kf2 g6 30. Ke2 a6 31. a5 b6 32. axb6 Rxb6 33. Rc8
Kg7 34. Bc3 Bb4 35. Kd2 Rb7 36. d5+ Bxc3+ 37. Kxc3 Ra7 38. Kb4 Rb7+ 39. Kc5 Rb3
40. Ra8 Rxe3 41. Rxa6 Rxh3 42. Ra4 f5 43. g5 Rc3+ 44. Kd6 e3 45. Ra7+ Kf8 46.
Ra8+ Kf7 47. Ra7+ 1/2-1/2

[Event "4NCL Division 2d"]
[Site "Birmingham Airport ENG"]
[Date "2015.03.29"]
[Round "8.5"]
[White "Lock, Gavin R"]
[Black "Player, Edmund"]
[Result "0-1"]
[WhiteElo "2174"]
[BlackElo "2217"]
[PlyCount "118"]
[EventDate "2015.03.29"]
[WhiteTeam "Wessex"]
[BlackTeam "Anglian Avengers 1"]

1. d4 d5 2. Nf3 Nf6 3. c4 dxc4 4. e3 Bg4 5. Bxc4 e6 6. h3 Bh5 7. Nc3 a6 8. O-O
c5 9. dxc5 Qxd1 10. Rxd1 Bxc5 11. Bd2 Nc6 12. Rac1 Be7 13. Be1 Nd7 14. Ne4 Nb6
15. Bb3 O-O 16. Nc5 Bxc5 17. Rxc5 Bg6 18. Bc3 Be4 19. Ng5 Bd5 20. Bxd5 Nxd5 21.
e4 Nb6 22. Nf3 Rfd8 23. Rc1 Rac8 24. Rg5 g6 25. Bf6 Rd7 26. b3 Rdc7 27. Kf1 Nb4
28. Rxc7 Rxc7 29. a3 Nc6 30. Ke2 h6 31. Rg3 Nd7 32. Bc3 Nc5 33. Nd2 Rd7 34. b4
Na4 35. Nb3 Kf8 36. Bf6 Na7 37. Nc5 Nxc5 38. bxc5 Nc6 39. Rb3 Ke8 40. h4 h5 41.
f4 Rc7 42. Kf3 Kd7 43. g4 Kc8 44. gxh5 gxh5 45. Ke2 e5 46. Rg3 Nd4+ 47. Kd3
Rxc5 48. Bxe5 Ne6 49. Bd6 Rc6 50. Be5 f6 51. Bb2 Rb6 52. Rg8+ Kd7 53. Bc1 Rb3+
54. Kc4 Rh3 55. f5 b5+ 56. Kb4 Nd4 57. Rg7+ Kd6 58. Bf4+ Kc6 59. Rf7 Nc2+ 0-1

[Event "4NCL Division 2d"]
[Site "Birmingham Airport ENG"]
[Date "2015.03.29"]
[Round "8.6"]
[White "Lewis, Andrew"]
[Black "Simons, Martin J"]
[Result "1-0"]
[WhiteElo "2256"]
[BlackElo "2064"]
[PlyCount "77"]
[EventDate "2015.03.29"]
[WhiteTeam "Anglian Avengers 1"]
[BlackTeam "Wessex"]

1. Nf3 c5 2. c4 Nf6 3. Nc3 Nc6 4. d4 cxd4 5. Nxd4 g6 6. e4 d6 7. Nc2 Bg7 8. Be2
O-O 9. O-O a6 10. Be3 Rb8 11. f3 Nd7 12. Rb1 Qa5 13. Qd2 Bxc3 14. bxc3 Nc5 15.
Nb4 Be6 16. Nd5 Rfe8 17. h4 b5 18. cxb5 axb5 19. h5 Ne5 20. Bd4 Nc6 21. Nb4
Rec8 22. Nxc6 Rxc6 23. Qh6 f6 24. hxg6 hxg6 25. Qxg6+ Kf8 26. Be3 Bf7 27. Bh6+
Ke8 28. Qg7 Qa7 29. Be3 Rcb6 30. f4 Qc7 31. e5 dxe5 32. Rbd1 Rd6 33. fxe5 Rd5
34. Bg4 f5 35. Bxf5 Qxe5 36. Qxe5 Rxe5 37. Bd4 Rd5 38. Bxc5 Rxc5 39. Bd7+ 1-0

[Event "4NCL Division 2d"]
[Site "Birmingham Airport ENG"]
[Date "2015.03.29"]
[Round "8.7"]
[White "Pleasants, Allan J"]
[Black "Talsma, Paul"]
[Result "1/2-1/2"]
[WhiteElo "2097"]
[BlackElo "2210"]
[PlyCount "76"]
[EventDate "2015.03.29"]
[WhiteTeam "Wessex"]
[BlackTeam "Anglian Avengers 1"]

1. Nf3 f5 2. g3 Nf6 3. Bg2 g6 4. d4 Bg7 5. O-O O-O 6. c4 d6 7. b3 e5 8. dxe5
dxe5 9. Ba3 Qxd1 10. Rxd1 Re8 11. Nc3 e4 12. Nd4 c6 13. Bd6 Nbd7 14. Rac1 Nf8
15. h3 Ne6 16. Nxe6 Bxe6 17. f4 Red8 18. Be5 Kf7 19. Rxd8 Rxd8 20. Rd1 Rxd1+
21. Nxd1 Bf8 22. Bd4 a6 23. e3 Nd7 24. Bf1 Bb4 25. Kf2 b5 26. cxb5 axb5 27. Be2
Ke7 28. Nc3 Nf6 29. a4 bxa4 30. bxa4 Nd5 31. Nxd5+ Bxd5 32. Bb6 c5 33. a5 c4
34. a6 c3 35. Bd1 Kd7 36. a7 Kc8 37. Bb3 Bc6 38. Ba4 Bd5 1/2-1/2

[Event "4NCL Division 2d"]
[Site "Birmingham Airport ENG"]
[Date "2015.03.29"]
[Round "8.8"]
[White "Spence, David"]
[Black "Clark, Ian C"]
[Result "1-0"]
[WhiteElo "2230"]
[BlackElo "2037"]
[PlyCount "93"]
[EventDate "2015.03.29"]
[WhiteTeam "Anglian Avengers 1"]
[BlackTeam "Wessex"]

1. e4 c5 2. c3 Nf6 3. e5 Nd5 4. d4 e6 5. Nf3 cxd4 6. cxd4 Nc6 7. Bc4 Nb6 8. Bb3
d5 9. O-O Be7 10. Nc3 a6 11. Bf4 Nd7 12. Re1 Na5 13. Bc2 b5 14. b3 Bb7 15. Ne2
Rc8 16. Bd3 Nc6 17. a3 b4 18. a4 g5 19. Be3 g4 20. Nd2 Bg5 21. Nf1 Bxe3 22.
Nxe3 h5 23. Rf1 Qb6 24. Nc2 Ke7 25. Kh1 Rcg8 26. f4 gxf3 27. Rxf3 Ncxe5 28.
dxe5 Nxe5 29. Rf1 d4 30. Nf4 Nxd3 31. Qxd3 e5 32. Rae1 Kd6 33. Ne3 exf4 34.
Rxf4 Kc7 35. Rxd4 Kb8 36. Nd5 Bxd5 37. Rxd5 Qf2 38. Qe4 Rh6 39. Red1 Re6 40.
Qxb4+ Rb6 41. Rd8+ Rxd8 42. Rxd8+ Kb7 43. Qe7+ Kc6 44. Qd6+ Kb7 45. Rb8+ Ka7
46. Qc7+ Rb7 47. Qxb7# 1-0

[Event "4NCL Division 2d"]
[Site "Birmingham Airport ENG"]
[Date "2015.03.29"]
[Round "8.10"]
[White "Moore, Graham"]
[Black "Gregory, Keith DF"]
[Result "1-0"]
[WhiteElo "2088"]
[BlackElo "2020"]
[PlyCount "31"]
[EventDate "2015.03.29"]
[WhiteTeam "Anglian Avengers 1"]
[BlackTeam "Wessex"]

1. e4 d6 2. d4 Nf6 3. Nc3 Nbd7 4. Be3 e5 5. f3 c6 6. Qd2 a6 7. Bd3 b5 8. a4 Bb7
9. Nge2 g6 10. O-O Bg7 11. axb5 axb5 12. d5 cxd5 13. Bxb5 Bf8 14. Rxa8 Bxa8 15.
Ra1 Bb7 16. Ra7 1-0

[Event "4NCL Division 2d"]
[Site "Birmingham Airport ENG"]
[Date "2015.03.29"]
[Round "8.12"]
[White "Peck, Silas"]
[Black "Zhou, Yang-Jian"]
[Result "0-1"]
[WhiteElo "1886"]
[BlackElo "1892"]
[PlyCount "56"]
[EventDate "2015.03.29"]
[WhiteTeam "Anglian Avengers 1"]
[BlackTeam "Wessex"]

1. e4 c5 2. Nf3 Nc6 3. d4 cxd4 4. Nxd4 g6 5. Nc3 Bg7 6. Be3 Nf6 7. Bc4 O-O 8.
Bb3 a5 9. O-O Ng4 10. Qxg4 Nxd4 11. Qd1 Nxb3 12. axb3 d6 13. Nd5 Ra6 14. Ra2 e6
15. Nc3 Bd7 16. Qd2 f5 17. Bg5 Qc7 18. Rd1 Rf7 19. exf5 Rxf5 20. Raa1 d5 21. g3
Qc6 22. Be3 b5 23. Ne4 d4 24. Bxd4 Qxe4 25. Bxg7 Bc6 26. f3 Qxf3 27. Qd8+ Kxg7
28. Qc7+ Kh6 0-1

[Event "4NCL Division 2d"]
[Site "Birmingham Airport ENG"]
[Date "2015.03.29"]
[Round "8.16"]
[White "Sathyanandha, Saravanan"]
[Black "Farrand, Tom"]
[Result "0-1"]
[WhiteElo "2163"]
[BlackElo "2174"]
[PlyCount "64"]
[EventDate "2015.03.29"]
[WhiteTeam "KJCA Kings"]
[BlackTeam "BCM Dragons [1]"]

1. e4 c5 2. c3 Nf6 3. e5 Nd5 4. d4 cxd4 5. Nf3 e6 6. cxd4 d6 7. Bc4 Nc6 8. O-O
Be7 9. Qe2 O-O 10. Nc3 Nxc3 11. bxc3 dxe5 12. dxe5 Qa5 13. Bd2 Rd8 14. Rfe1 Bd7
15. Bb3 Be8 16. Qe4 Rd7 17. Rac1 Rad8 18. Ng5 g6 19. Qh4 h5 20. Bf4 Rd3 21. g4
Rxc3 22. Rxc3 Qxc3 23. Rc1 Qb4 24. gxh5 Nxe5 25. Qg3 Rd3 26. f3 Bxg5 27. Bxe5
Bxc1 28. hxg6 fxg6 29. Bxe6+ Kh7 30. Bg4 Rd1+ 31. Kg2 Qd2+ 32. Kh3 Qe1 0-1

[Event "4NCL Division 2d"]
[Site "Birmingham Airport ENG"]
[Date "2015.03.29"]
[Round "8.17"]
[White "Fegan, Chris"]
[Black "Harakis, Alexis"]
[Result "0-1"]
[WhiteElo "2081"]
[BlackElo "2232"]
[PlyCount "46"]
[EventDate "2015.03.29"]
[WhiteTeam "BCM Dragons [1]"]
[BlackTeam "KJCA Kings"]

1. d4 Nf6 2. Nf3 e6 3. e3 b6 4. Bd3 Bb7 5. Nbd2 c5 6. O-O Nc6 7. b3 cxd4 8.
exd4 Nb4 9. Be2 Nbd5 10. Bb2 Nf4 11. Bc4 Be7 12. Re1 h5 13. g3 Nh3+ 14. Kg2 h4
15. Kxh3 hxg3+ 16. Kxg3 Qc7+ 17. Kg2 Rxh2+ 18. Kf1 Nh5 19. Kg1 Rxf2 20. Kxf2
Qg3+ 21. Ke3 Qf4+ 22. Kd3 Qf5+ 23. Kc3 Bb4+ 0-1

[Event "4NCL Division 2d"]
[Site "Birmingham Airport ENG"]
[Date "2015.03.29"]
[Round "8.18"]
[White "Green, Andrew D"]
[Black "Purdon, Colin"]
[Result "1-0"]
[WhiteElo "2151"]
[BlackElo "2057"]
[PlyCount "45"]
[EventDate "2015.03.29"]
[WhiteTeam "KJCA Kings"]
[BlackTeam "BCM Dragons [1]"]

1. d4 d5 2. c4 c6 3. Nf3 Nf6 4. Qc2 g6 5. Bf4 Bg7 6. e3 O-O 7. Nbd2 Nbd7 8. Be2
dxc4 9. Nxc4 Nd5 10. Bg3 b5 11. Nce5 Qa5+ 12. Qd2 Qxd2+ 13. Kxd2 Nxe5 14. Nxe5
Bxe5 15. Bxe5 f6 16. Bg3 Be6 17. Rhc1 Rfc8 18. Bf3 a5 19. Rc5 a4 20. a3 b4 21.
Rac1 bxa3 22. bxa3 Nb6 23. Rxc6 1-0

[Event "4NCL Division 2d"]
[Site "Birmingham Airport ENG"]
[Date "2015.03.29"]
[Round "8.19"]
[White "Scrimgour, Alan"]
[Black "Jones, William EG"]
[Result "1/2-1/2"]
[WhiteElo "2030"]
[BlackElo "2113"]
[PlyCount "63"]
[EventDate "2015.03.29"]
[WhiteTeam "BCM Dragons [1]"]
[BlackTeam "KJCA Kings"]

1. e4 c5 2. c3 Nf6 3. e5 Nd5 4. d4 cxd4 5. cxd4 d6 6. Nf3 Nc6 7. Bc4 e6 8. O-O
Be7 9. Qe2 O-O 10. Nc3 dxe5 11. dxe5 Nxc3 12. bxc3 Qc7 13. Bd3 Bd7 14. Qe4 g6
15. Bh6 Rfd8 16. Rfe1 Be8 17. h4 Na5 18. Rac1 Bc6 19. Qe2 Bxf3 20. Qxf3 Bxh4
21. Re4 Be7 22. g4 Rd7 23. Bf4 Qd8 24. Be2 Bg5 25. Kg2 h6 26. Rh1 Kg7 27. Qh3
Bxf4 28. Rxf4 Qg5 29. Ra4 Qxe5 30. Qxh6+ Kf6 31. Bf3 Ke7 32. Qc1 1/2-1/2

[Event "4NCL Division 2d"]
[Site "Birmingham Airport ENG"]
[Date "2015.03.29"]
[Round "8.20"]
[White "Grove, Michael"]
[Black "Foley, John P"]
[Result "1-0"]
[WhiteElo "2055"]
[BlackElo "1985"]
[PlyCount "109"]
[EventDate "2015.03.29"]
[WhiteTeam "KJCA Kings"]
[BlackTeam "BCM Dragons [1]"]

1. e4 c6 2. c4 d5 3. exd5 cxd5 4. cxd5 Nf6 5. Qa4+ Nbd7 6. Nc3 g6 7. Bc4 Bg7 8.
d3 O-O 9. Nf3 a6 10. Qa3 Nb6 11. Qb3 e6 12. dxe6 Re8 13. Be3 Bxe6 14. Bxe6 Rxe6
15. Ng5 Re7 16. O-O Nbd5 17. Nxd5 Qxd5 18. Nf3 Qxb3 19. axb3 Nd5 20. Bc5 Re2
21. Ba3 Bxb2 22. Ra2 Bxa3 23. Rxe2 Nf4 24. Ra2 Bb4 25. Rd1 Rd8 26. d4 a5 27.
Rc2 Rd7 28. Ne5 Rd5 29. Ng4 Kg7 30. Kf1 h5 31. Ne3 Rd7 32. d5 h4 33. Rc4 Bd6
34. Rdd4 Nh5 35. Rxh4 Nf6 36. Rhd4 b5 37. Rc6 Be5 38. Rd1 a4 39. bxa4 bxa4 40.
g3 a3 41. Nc4 Bb2 42. d6 Ne4 43. Rc7 Nxd6 44. Rxd7 Nxc4 45. Ra7 Ne5 46. Ke2 g5
47. f4 gxf4 48. gxf4 Nc6 49. Ra4 f6 50. Rg1+ Kf7 51. Rd1 Kg6 52. Kf3 Kf5 53. h4
Ne7 54. h5 Ng8 55. Rd6 1-0

[Event "4NCL Division 2d"]
[Site "Birmingham Airport ENG"]
[Date "2015.03.29"]
[Round "8.21"]
[White "Dhemrait, Jagdeep"]
[Black "Ganesan, Arasu"]
[Result "0-1"]
[WhiteElo "1682"]
[BlackElo "2095"]
[PlyCount "60"]
[EventDate "2015.03.29"]
[WhiteTeam "BCM Dragons [1]"]
[BlackTeam "KJCA Kings"]

1. e4 Nf6 2. Nc3 e6 3. e5 Nd5 4. Nxd5 exd5 5. Nf3 d6 6. h3 dxe5 7. Nxe5 Bd6 8.
Nf3 O-O 9. b3 Re8+ 10. Be2 Qe7 11. Bb2 c5 12. d3 Nc6 13. Qd2 Bf4 14. Qd1 Bf5
15. g3 Bc7 16. Nh4 Bd7 17. Bc3 Rad8 18. Kf1 d4 19. Bd2 Qf6 20. Kg2 Ne5 21. Nf3
Bc6 22. Bf4 g5 23. Bd2 h5 24. g4 Ng6 25. Kf1 Rxe2 26. Qxe2 Bxf3 27. Qe1 Bxh1
28. gxh5 Qf3 29. Qe2 Qxh3+ 30. Ke1 Bf3 0-1

[Event "4NCL Division 2d"]
[Site "Birmingham Airport ENG"]
[Date "2015.03.29"]
[Round "8.26"]
[White "Kett, Timothy J"]
[Black "McMichael, Richard J"]
[Result "0-1"]
[WhiteElo "2222"]
[BlackElo "2176"]
[PlyCount "130"]
[EventDate "2015.03.29"]
[WhiteTeam "Rhyfelwyr Essyllwg 1"]
[BlackTeam "Kings Head"]

1. d4 e6 2. c4 f5 3. Nf3 Nf6 4. g3 d5 5. Bg2 c6 6. O-O Bd6 7. b3 Qe7 8. Nbd2
O-O 9. Bb2 Bd7 10. Ne5 Be8 11. f3 Nbd7 12. Nxd7 Nxd7 13. e4 f4 14. e5 Bb4 15.
a3 Ba5 16. b4 Bc7 17. cxd5 cxd5 18. Nb3 Nb6 19. gxf4 Rxf4 20. Bc1 Rh4 21. f4
Bg6 22. Nc5 Bd8 23. Qf3 Bf5 24. Rf2 Nd7 25. Nxb7 Nxe5 26. fxe5 Qxb7 27. Be3 Bb6
28. Rc1 Rxd4 29. Bxd4 Bxd4 30. Kh1 Bxf2 31. Qxf2 Rf8 32. Qc5 h5 33. b5 h4 34.
h3 Qf7 35. Rf1 Rb8 36. a4 Qd7 37. Qd4 Rc8 38. Qxh4 Rc4 39. Rf4 Qc7 40. Qh5 Qd8
41. Rxf5 exf5 42. Qxf5 Rxa4 43. Qe6+ Kh8 44. Bxd5 Rd4 45. Bf3 Qf8 46. Kg2 Rf4
47. Qd5 Rf5 48. Qe4 g6 49. e6 Qe7 50. Bg4 Rf6 51. Qe5 Kh7 52. Kg3 Rf8 53. Qd5
Rd8 54. Qe4 Qc5 55. Qf4 Rf8 56. Qd2 Qxb5 57. Qd6 Qb8 58. Qxb8 Rxb8 59. Kf4 Kg7
60. Ke5 Rb6 61. Bd1 Rb1 62. Ba4 Re1+ 63. Kd6 Kf6 64. Bd7 a5 65. Kc5 Ke7 0-1

[Event "4NCL Division 2d"]
[Site "Birmingham Airport ENG"]
[Date "2015.03.29"]
[Round "8.27"]
[White "Guthrie, David W"]
[Black "Brown, Tom"]
[Result "1-0"]
[WhiteElo "2198"]
[BlackElo "2042"]
[PlyCount "53"]
[EventDate "2015.03.29"]
[WhiteTeam "Kings Head"]
[BlackTeam "Rhyfelwyr Essyllwg 1"]

1. d4 Nf6 2. c4 g6 3. Nc3 Bg7 4. e4 d6 5. Be2 O-O 6. Nf3 e5 7. O-O Nc6 8. d5
Ne7 9. Nd2 a5 10. Rb1 Ne8 11. a3 f5 12. b4 c6 13. f3 Bh6 14. Qc2 axb4 15. axb4
Be3+ 16. Kh1 f4 17. Nd1 cxd5 18. cxd5 Bd4 19. Nb3 Bb6 20. Nb2 Bd7 21. Nc4 Bb5
22. Nxb6 Bxe2 23. Qxe2 Qxb6 24. Bd2 Nf6 25. Be1 Rfc8 26. Bf2 Qd8 27. Na5 Ra6 28. Nxb7 1-0

[Event "4NCL Division 2d"]
[Site "Birmingham Airport ENG"]
[Date "2015.03.29"]
[Round "8.28"]
[White "Trevelyan, John"]
[Black "Okike, David C"]
[Result "0-1"]
[WhiteElo "2112"]
[BlackElo "2175"]
[PlyCount "48"]
[EventDate "2015.03.29"]
[WhiteTeam "Rhyfelwyr Essyllwg 1"]
[BlackTeam "Kings Head"]

1. d4 Nf6 2. Nf3 e6 3. g3 b5 4. Bg2 Bb7 5. O-O Be7 6. Nbd2 O-O 7. a4 b4 8. Re1
d5 9. b3 Nbd7 10. Bb2 c5 11. e3 Rc8 12. dxc5 Nxc5 13. Ne5 Qc7 14. Rc1 Rfd8 15.
Nb1 Bd6 16. Qd4 Nce4 17. Nd3 a5 18. f4 Bf8 19. c3 bxc3 20. Nxc3 Qb8 21. Na2 Ba6
22. Rxc8 Rxc8 23. Nc3 Bxd3 24. Qxd3 Qxb3 0-1

[Event "4NCL Division 2d"]
[Site "Birmingham Airport ENG"]
[Date "2015.03.29"]
[Round "8.29"]
[White "Wittmann, Jochen"]
[Black "Martin Perez, Javier"]
[Result "1-0"]
[WhiteElo "2110"]
[BlackElo "2038"]
[PlyCount "93"]
[EventDate "2015.03.29"]
[WhiteTeam "Kings Head"]
[BlackTeam "Rhyfelwyr Essyllwg 1"]

1. f4 d5 2. Nf3 Nf6 3. g3 c5 4. Bg2 Nc6 5. O-O g6 6. d3 Bg7 7. c3 O-O 8. Ne5
Qd6 9. Nxc6 bxc6 10. e4 Nd7 11. e5 Qc7 12. Nd2 Ba6 13. Nf3 e6 14. Be3 c4 15. d4
Rab8 16. Rf2 c5 17. g4 f6 18. f5 cxd4 19. Nxd4 Nc5 20. Nxe6 Nxe6 21. fxe6 fxe5
22. Rxf8+ Bxf8 23. Qxd5 Bb7 24. Qd7 Qxd7 25. exd7 Bxg2 26. Bxa7 Rd8 27. Kxg2
Rxd7 28. Be3 Rb7 29. a4 Rxb2+ 30. Kf3 Kf7 31. a5 Ke6 32. a6 Rb8 33. a7 Ra8 34.
Ke4 Kd7 35. Kd5 Kc7 36. Kxc4 Kb7 37. Kb5 Rc8 38. Rf1 Bd6 39. Rf7+ Rc7 40. Rxc7+
Bxc7 41. Kc4 e4 42. h3 Ba5 43. Kd5 Bxc3 44. Kxe4 Bg7 45. Kd5 g5 46. Bc5 h5 47.
gxh5 1-0

[Event "4NCL Division 2d"]
[Site "Birmingham Airport ENG"]
[Date "2015.03.29"]
[Round "8.30"]
[White "Smith, Olivia"]
[Black "Davey, Mark"]
[Result "0-1"]
[WhiteElo "2009"]
[BlackElo "2004"]
[PlyCount "68"]
[EventDate "2015.03.29"]
[WhiteTeam "Rhyfelwyr Essyllwg 1"]
[BlackTeam "Kings Head"]

1. e4 c5 2. Nf3 Nc6 3. Bb5 g6 4. O-O Bg7 5. c3 Nf6 6. Re1 O-O 7. d4 cxd4 8.
cxd4 d5 9. e5 Ne4 10. Nc3 Nxc3 11. bxc3 Qa5 12. Qb3 Bg4 13. Ba3 Bxf3 14. gxf3
Rfe8 15. Rad1 e6 16. Bf1 Bh6 17. Bc1 Bxc1 18. Rxc1 Rab8 19. Qb2 b5 20. Qd2 Rec8
21. f4 b4 22. c4 b3 23. Qxa5 Nxa5 24. axb3 Nxb3 25. Rc3 Nxd4 26. Ra1 Rc7 27. c5
Rb5 28. Rac1 a5 29. Kg2 Kf8 30. h4 h5 31. f3 Rb2+ 32. Kg3 Nb3 33. Rd1 a4 34.
Bb5 Rxc5 0-1

[Event "4NCL Division 2d"]
[Site "Birmingham Airport ENG"]
[Date "2015.03.29"]
[Round "8.31"]
[White "Gilfillan, Andrew"]
[Black "Freeland, Alex"]
[Result "0-1"]
[WhiteElo "1992"]
[BlackElo "1926"]
[PlyCount "94"]
[EventDate "2015.03.29"]
[WhiteTeam "Kings Head"]
[BlackTeam "Rhyfelwyr Essyllwg 1"]

1. c4 e6 2. g3 d5 3. Bg2 Nf6 4. d4 Be7 5. Nc3 O-O 6. Nf3 c5 7. O-O Nc6 8. dxc5
d4 9. Na4 e5 10. a3 Bg4 11. h3 Bh5 12. g4 Bg6 13. Nh4 Be4 14. f3 Nd7 15. fxe4
Bxh4 16. b4 Bg5 17. Nb2 a5 18. b5 Bxc1 19. Qxc1 Ne7 20. Nd3 Rc8 21. Qe1 Ng6 22.
Qg3 Nxc5 23. Rf5 Qd6 24. h4 Ne6 25. h5 Ngf4 26. Bf3 f6 27. Kf2 Nxd3+ 28. exd3
g6 29. hxg6 hxg6 30. g5 gxf5 31. gxf6+ Kf7 32. exf5 Nf4 33. Bh5+ Kxf6 34. Qh4+
Kxf5 35. Rg1 Nxh5 36. Qxh5+ Ke6+ 37. Ke2 Qe7 38. Rg6+ Kd7 39. Qg4+ Kc7 40. Re6
Qf7 41. b6+ Kb8 42. Rxe5 Qf1+ 43. Kd2 Rf2+ 44. Re2 Qxe2+ 45. Qxe2 Rxe2+ 46.
Kxe2 Re8+ 47. Kd2 a4 0-1